[Event "Mondiale Lampo FIDE 2024"]
[Site "New York"]
[Date "31.15.08"]
[Round "1.9"]
[White "Andersen, Mads"]
[Black "Nepomniachtchi, Ian"]
[Result "0-1"]
[WhiteElo "2592"]
[BlackElo "2755"]
[PlyCount "86"]
[EventDate "31.15.08"]

1. e4 c5 2. Nf3 e6 3. c3 d5 4. exd5 Qxd5 5. d4 Nf6 6. Na3 Qd8 7. Nc2 Be7 8. Bd3
Nbd7 9. Qe2 b6 10. O-O O-O 11. Bf4 Bb7 12. Rad1 Qc8 13. Rfe1 Rd8 14. Ne5 Nf8
15. Bg3 N6d7 16. Bc4 Nxe5 17. Bxe5 Ng6 18. Bg3 Qc6 19. f3 a6 20. Bd3 b5 21. d5
Rxd5 22. Be4 Qb6 23. Bxd5 Bxd5 24. Kh1 Bxa2 25. Rd7 Bd5 26. Rd1 Bc6 27. Rc7 Bd8
28. Rxd8+ Rxd8 29. h4 e5 30. Rxc6 Qxc6 31. h5 Nf8 32. Qxe5 Re8 33. Qf4 Qe6 34.
Ne1 Qd5 35. Nc2 Qxh5+ 36. Kg1 Qh6 37. Kf2 Qxf4 38. Bxf4 Ne6 39. Be3 Rd8 40. Ke2
f5 41. Ne1 c4 42. Nc2 Kf7 43. Nb4 Rd6 0-1

[Event "Mondiale Lampo FIDE 2024"]
[Site "New York"]
[Date "31.15.08"]
[Round "2.8"]
[White "Nepomniachtchi, Ian"]
[Black "Hakobyan, Aram"]
[Result "1/2-1/2"]
[WhiteElo "2755"]
[BlackElo "2625"]
[PlyCount "122"]
[EventDate "31.15.08"]

1. c4 Nf6 2. Nc3 g6 3. g3 Bg7 4. Bg2 O-O 5. d4 d6 6. Nf3 Bf5 7. O-O Ne4 8. Nh4
Nxc3 9. bxc3 Bc8 10. Rb1 c6 11. f4 Qa5 12. Qb3 Nd7 13. e4 c5 14. e5 Nb6 15.
exd6 exd6 16. f5 Qa6 17. Bf4 Rd8 18. Rbe1 Bd7 19. Qb1 Qxc4 20. fxg6 hxg6 21.
Nxg6 fxg6 22. Qxg6 Qf7 23. Qxf7+ Kxf7 24. Be5+ Kg8 25. Bxg7 Kxg7 26. Re7+ Kg8
27. Rff7 Re8 28. Rg7+ Kh8 29. Rh7+ Kg8 30. Reg7+ Kf8 31. Bxb7 Rab8 32. Rf7+ Kg8
33. Rhg7+ Kh8 34. Rh7+ Kg8 35. Rfg7+ Kf8 36. Bf3 Bf5 37. Rf7+ Kg8 38. Rhg7+ Kh8
39. Rg5 Be4 40. Rf4 Bh7 41. Rh4 Re7 42. dxc5 dxc5 43. Rxc5 Rf8 44. Kg2 Nd7 45.
Rch5 Nf6 46. Rg5 Re3 47. Rf4 Rxc3 48. Ra5 Rc2+ 49. Kh3 Rc7 50. g4 Kg7 51. Kg3
Nd7 52. Rg5+ Kh8 53. Rxf8+ Nxf8 54. Ra5 Ne6 55. Ra3 Nd4 56. Bd5 Rc3+ 57. Rxc3
Ne2+ 58. Kf3 Nxc3 59. Bb3 Bg8 60. Ke3 Kg7 61. Kd4 Nxa2 1/2-1/2

[Event "Mondiale Lampo FIDE 2024"]
[Site "New York"]
[Date "31.15.08"]
[Round "3.17"]
[White "Paravyan, David"]
[Black "Nepomniachtchi, Ian"]
[Result "0-1"]
[WhiteElo "2620"]
[BlackElo "2755"]
[PlyCount "92"]
[EventDate "31.15.08"]

1. e4 c5 2. Nf3 d6 3. d4 cxd4 4. Nxd4 Nf6 5. Nc3 a6 6. Bg5 e6 7. Qd2 Be7 8.
O-O-O b5 9. g4 Bb7 10. f3 Nbd7 11. h4 h5 12. Bxf6 gxf6 13. gxh5 Qb6 14. Kb1
O-O-O 15. a4 b4 16. Na2 d5 17. exd5 Bxd5 18. Nc1 Ne5 19. Qe2 Bc4 20. Qe4 Qb7
21. Qxb7+ Kxb7 22. f4 Bxf1 23. Rhxf1 Nc4 24. Rd3 Rxh5 25. Rh1 Nb6 26. a5 Rxa5
27. h5 Rh8 28. h6 Rh7 29. Rg3 Bf8 30. Rgh3 Rd5 31. Nce2 a5 32. b3 Rd8 33. Rh5
Nd5 34. Kb2 f5 35. Nf3 f6 36. R5h4 Bc5 37. Ned4 Nc7 38. c3 bxc3+ 39. Kxc3 Rdh8
40. Kc4 Bf8 41. Re1 Bb4 42. Re2 Rc8 43. Kd3 Nd5 44. Nxe6 Rc3+ 45. Kd4 Rd7 46.
Nf8 Bc5# 0-1

[Event "Mondiale Lampo FIDE 2024"]
[Site "New York"]
[Date "31.15.08"]
[Round "4.9"]
[White "Nepomniachtchi, Ian"]
[Black "Svane, Rasmus"]
[Result "1-0"]
[WhiteElo "2755"]
[BlackElo "2628"]
[PlyCount "63"]
[EventDate "31.15.08"]

1. c4 e6 2. g3 d5 3. Bg2 Nf6 4. Nf3 Be7 5. O-O O-O 6. d3 c5 7. Ne5 Qc7 8. f4
Rd8 9. Nd2 a6 10. g4 Nfd7 11. Nxd7 Bxd7 12. f5 Bc6 13. cxd5 Bxd5 14. e4 Bc6 15.
fxe6 fxe6 16. Qb3 Qc8 17. Nf3 Bb5 18. Rd1 Nc6 19. a4 c4 20. dxc4 Bxc4 21. Rxd8+
Nxd8 22. Qd1 Qc5+ 23. Kh1 Qd6 24. Bd2 Nc6 25. Rc1 Bd3 26. Ne1 Rd8 27. Be3 Qe5
28. Nxd3 Qd6 29. Nf2 Qb4 30. Qc2 Bf6 31. e5 Nxe5 32. g5 1-0

[Event "Mondiale Lampo FIDE 2024"]
[Site "New York"]
[Date "31.15.08"]
[Round "5.5"]
[White "Grischuk, Alexander"]
[Black "Nepomniachtchi, Ian"]
[Result "1/2-1/2"]
[WhiteElo "2689"]
[BlackElo "2755"]
[PlyCount "117"]
[EventDate "31.15.08"]

1. d4 Nf6 2. Bf4 e6 3. e3 d5 4. Nf3 c5 5. c3 Bd6 6. Bd3 Nc6 7. Bg3 O-O 8. Nbd2
b6 9. Qe2 Bb7 10. e4 dxe4 11. Nxe4 Nxe4 12. Qxe4 g6 13. dxc5 Ne5 14. Qe2 Bxf3
15. gxf3 Nxd3+ 16. Qxd3 Bxg3 17. Qxd8 Bxf2+ 18. Kxf2 Rfxd8 19. cxb6 Rd2+ 20.
Ke3 Rxb2 21. bxa7 Rxa7 22. a4 Kf8 23. h4 h5 24. Rhd1 Ke7 25. Rd4 Rb6 26. a5
Rba6 27. Rda4 Kd6 28. Kd4 e5+ 29. Ke4 f5+ 30. Ke3 Kc5 31. R1a2 Rb7 32. Kd3 Rd7+
33. Ke2 Rg7 34. Kd3 g5 35. hxg5 Rxg5 36. Rc4+ Kd5 37. Rc8 Rg3 38. Rd8+ Kc5 39.
Rc8+ Kd5 40. Rd8+ Kc6 41. Ke3 e4 42. Rf2 Rxa5 43. Kf4 h4 44. Rh8 Ra4 45. fxe4
Rxe4+ 46. Kxf5 Re7 47. Rh6+ Kc5 48. Rf4 h3 49. Rfh4 Ree3 50. Rh8 Ref3+ 51. Ke4
Re3+ 52. Kf4 Ref3+ 53. Ke4 Rxc3 54. Rc8+ Kb4 55. Rxc3 Rxc3 56. Kf5+ Kb3 57. Kg4
Rc4+ 58. Kxh3 Rxh4+ 59. Kxh4 1/2-1/2

[Event "Mondiale Lampo FIDE 2024"]
[Site "New York"]
[Date "31.15.08"]
[Round "6.7"]
[White "Nepomniachtchi, Ian"]
[Black "Ivanchuk, Vasyl"]
[Result "1-0"]
[WhiteElo "2755"]
[BlackElo "2630"]
[PlyCount "56"]
[EventDate "31.15.08"]

1. e4 e5 2. Nf3 Nc6 3. Bc4 Nf6 4. d3 Be7 5. O-O O-O 6. Nbd2 d6 7. a4 h6 8. Re1
Re8 9. a5 a6 10. Nf1 Bf8 11. Ng3 Be6 12. Bxe6 Rxe6 13. c4 Re8 14. Bd2 Qd7 15.
b4 Nd8 16. d4 exd4 17. Nxd4 g6 18. Bc3 Bg7 19. Qc2 Ne6 20. Rad1 h5 21. h3 Nxd4
22. Bxd4 Re6 23. f3 Qe7 24. Nf1 Nd7 25. Bxg7 Kxg7 26. Ne3 c6 27. Qc3+ Kg8 28.
Rd2 Rc8 1-0

[Event "Mondiale Lampo FIDE 2024"]
[Site "New York"]
[Date "31.15.08"]
[Round "8.5"]
[White "Nepomniachtchi, Ian"]
[Black "Bortnyk, Mykola"]
[Result "1-0"]
[WhiteElo "2755"]
[BlackElo "2400"]
[PlyCount "63"]
[EventDate "31.15.08"]

1. e4 Nf6 2. e5 Nd5 3. d4 d6 4. Nf3 g6 5. Bc4 c6 6. O-O Bg7 7. Re1 O-O 8. h3
dxe5 9. Nxe5 Nd7 10. Nf3 e6 11. Nbd2 Qc7 12. Ne4 b5 13. Bf1 N5f6 14. c3 Bb7 15.
Nxf6+ Nxf6 16. a4 bxa4 17. Rxa4 Rfd8 18. Qe2 c5 19. dxc5 Qxc5 20. Be3 Qc7 21.
Bd4 Bc6 22. Ra3 a6 23. Be5 Qb7 24. Nd4 Bd5 25. Rea1 Rdc8 26. Qe3 Qxb2 27. c4
Bxc4 28. Bxc4 Rxc4 29. Nxe6 Qb5 30. Nxg7 Kxg7 31. Bxf6+ Kxf6 32. Qf3+ 1-0

[Event "Mondiale Lampo FIDE 2024"]
[Site "New York"]
[Date "31.15.08"]
[Round "11.2"]
[White "Nepomniachtchi, Ian"]
[Black "Caruana, Fabiano"]
[Result "1-0"]
[WhiteElo "2755"]
[BlackElo "2805"]
[PlyCount "95"]
[EventDate "31.15.08"]

1. c4 Nf6 2. Nc3 e5 3. Nf3 Nc6 4. e3 Bb4 5. Qc2 Bxc3 6. Qxc3 Qe7 7. a3 O-O 8.
b4 d5 9. cxd5 Nxd5 10. Qc4 Be6 11. Qc2 f6 12. Bb2 Kh8 13. Be2 Bf7 14. O-O Rad8
15. d3 a5 16. b5 Na7 17. d4 e4 18. Nd2 f5 19. a4 Nb4 20. Qc3 Nc8 21. Ba3 Nb6
22. Bxb4 axb4 23. Qb2 Nd5 24. Nc4 f4 25. Ne5 fxe3 26. fxe3 Nxe3 27. Rxf7 Rxf7
28. Nxf7+ Qxf7 29. a5 Rf8 30. Kh1 Qf2 31. Rg1 Ng4 32. h3 Ne3 33. Qxb4 Re8 34.
Qe1 Qf4 35. a6 bxa6 36. bxa6 Nf5 37. g3 Qh6 38. Kh2 Nxd4 39. Rf1 Qd6 40. a7 Ra8
41. Bg4 h5 42. Qxe4 Qd8 43. Bxh5 Rxa7 44. Bf7 c5 45. Qg6 Nf3+ 46. Kh1 Qg5 47.
Rxf3 Qc1+ 48. Kg2 1-0

[Event "Mondiale Lampo FIDE 2024 - Quarti"]
[Site "New York"]
[Date "31.15.08"]
[Round "1.2"]
[White "Murzin, Volodar"]
[Black "Nepomniachtchi, Ian"]
[Result "0-1"]
[WhiteElo "2664"]
[BlackElo "2755"]
[PlyCount "66"]
[EventDate "31.15.08"]

1. d4 Nf6 2. Nf3 d5 3. c4 e6 4. g3 dxc4 5. Bg2 Nc6 6. Qa4 Bb4+ 7. Bd2 Nd5 8.
Bxb4 Ndxb4 9. O-O O-O 10. Nc3 Bd7 11. Qd1 Nd5 12. Ne4 Qe7 13. Rc1 Na5 14. Ne5
Rfd8 15. Nxc4 Nxc4 16. Rxc4 Bc6 17. Rc1 e5 18. e3 exd4 19. exd4 Qb4 20. b3 Ne7
21. Qe1 Qxd4 22. Nc5 Bxg2 23. Kxg2 Qd5+ 24. Qe4 b6 25. Rfd1 Qxe4+ 26. Nxe4 c5
27. Nd6 Nc6 28. Nb5 Kf8 29. a3 Rac8 30. Rxd8+ Rxd8 31. b4 Nd4 32. Nxa7 Ra8 33.
bxc5 bxc5 0-1